| 000 | 00000nam##2200000za#4500 |
| 001 | 9.569989 |
| 003 | CaOODSP |
| 005 | 20210624182028 |
| 007 | cr ||||||||||| |
| 008 | 150406|2003||||xxc|||||o f|0| 0 eng|d |
| 040 | |aCaOODSP|beng |
| 043 | |an-cn--- |
| 086 | 1 |aNH18-1-2/149-2003E-PDF |
| 110 | 2 |aCanada Mortgage and Housing Corporation. |
| 245 | 10|aConsumer support and protection in mortgage and home equity based borrowing : |h[electronic resource]|bthe U.S. experience and Canadian comparisons, final report / |c[by] Tony Wellman. |
| 260 | |aOttawa - Ontario : |bCanada Mortgage and Housing Corporation |cOctober 28, 2003. |
| 300 | |a102p.|bfigs., tables |
| 490 | 1 |aResearch report |
| 504 | |aBibliography. |
| 546 | |a(Résumé en français.) |
| 590 | |a11-26-Supp|b2011-11-03 |
| 720 | 1 |aWellman, Tony |
| 830 | #0|aResearch report (Canada Mortgage and Housing Corporation : Online)|w(CaOODSP)9.506068 |
| 856 | 40|ahttp://publications.gc.ca|qPDF|s1.21 MB|uhttps://publications.gc.ca/collections/collection_2011/schl-cmhc/nh18-1-2/NH18-1-2-149-2003-eng.pdf |